000 00284nam a2200121Ia 4500
008 190216s9999||||xx |||||||||||||| ||und||
100 _aViswanathan R
245 0 _aViewless Wings
260 _bIndian Open University Books
_c1992
300 _a145p
650 _aEnglish
942 _cBK
999 _c13661
_d13661